Pokemon commençant par la lettre N - Gen 1 à 9 - Statistiques

Statistiques générales
  • Ce quiz a été pris 34 fois
  • Le résultat moyen est 20 sur 31
Statistiques - réponses
Réponse % Correct
Nidoking
85%
Nidorina
85%
Nidoqueen
81%
Nidoran♀
81%
Nidoran♂
81%
Nidorino
81%
Nénupiot
77%
Noadkoko
73%
Noeunoeuf
73%
Nosferalto
73%
Nosferapti
73%
Nostenfer
73%
Nymphali
73%
Nirondelle
69%
Noctali
69%
Natu
62%
Némélios
62%
Nanméouie
58%
Nigirigon
58%
Nigosier
58%
Ninjask
58%
Noctunoir
58%
Nodulithe
54%
Nounourson
54%
Nucléos
54%
Ningale
50%
Négapi
42%
Noarfang
42%
Noacier
38%
Necrozma
35%
Neitram
31%
Aucun quiz correspondant
Distribution des résultats
% des personnes avec chaque résultat
Percentile par nombre de réponses
Votre historique - résultats
Vous n’avez pas pris ce quiz